<?xml version="1.0" encoding="UTF-8"?>
<record
    xmlns:xsi="http://www.w3.org/2001/XMLSchema-instance"
    xsi:schemaLocation="http://www.loc.gov/MARC21/slim http://www.loc.gov/standards/marcxml/schema/MARC21slim.xsd"
    xmlns="http://www.loc.gov/MARC21/slim">

  <leader>02129nam a2200289 a 4500</leader>
  <controlfield tag="001">000034374</controlfield>
  <controlfield tag="003">DO-SdBNP</controlfield>
  <controlfield tag="005">20240422101052.0</controlfield>
  <controlfield tag="008">090930s2011    dr      r     001 p spa d</controlfield>
  <datafield tag="020" ind1=" " ind2=" ">
    <subfield code="a">9789945004359</subfield>
  </datafield>
  <datafield tag="040" ind1=" " ind2=" ">
    <subfield code="a">DO-SdBNP</subfield>
    <subfield code="b">spa</subfield>
    <subfield code="c">BNPHU</subfield>
  </datafield>
  <datafield tag="082" ind1=" " ind2="4">
    <subfield code="a">RD861.44</subfield>
    <subfield code="b">A163s, 2011</subfield>
    <subfield code="2">22</subfield>
  </datafield>
  <datafield tag="245" ind1="0" ind2="0">
    <subfield code="a">Abril del 65 :</subfield>
    <subfield code="b">visi&#xF3;n po&#xE9;tica /</subfield>
    <subfield code="c">selecci&#xF3;n y pr&#xF3;logo Mateo Morrison ; presentaci&#xF3;n Sim&#xF3;n Lizardo.</subfield>
  </datafield>
  <datafield tag="250" ind1=" " ind2=" ">
    <subfield code="a">2a. ed.</subfield>
  </datafield>
  <datafield tag="260" ind1=" " ind2=" ">
    <subfield code="a">Santo Domingo :</subfield>
    <subfield code="b">Comisi&#xF3;n Permanente de Efem&#xE9;rides Patrias,</subfield>
    <subfield code="c">2011.</subfield>
  </datafield>
  <datafield tag="300" ind1=" " ind2=" ">
    <subfield code="a">206 p. ;</subfield>
    <subfield code="c">24 cm.</subfield>
  </datafield>
  <datafield tag="490" ind1="1" ind2=" ">
    <subfield code="a">Publicaciones de la Comisi&#xF3;n Permanente de Efem&#xE9;rides Patrias 2004-2011</subfield>
    <subfield code="v">36</subfield>
  </datafield>
  <datafield tag="505" ind1="0" ind2=" ">
    <subfield code="g">Presentaci&#xF3;n --</subfield>
    <subfield code="g">Pr&#xF3;logo --</subfield>
    <subfield code="g">Pueblo sangre y canto --</subfield>
    <subfield code="t">Oda gris por el soldado invasor /</subfield>
    <subfield code="r">Ren&#xE9; del Risco y Berm&#xFA;dez --</subfield>
    <subfield code="t">Canto de amor a la ciudad herida ;</subfield>
    <subfield code="t">Canto a Santo Domingo vertical /</subfield>
    <subfield code="r">Abelardo Vicioso --</subfield>
    <subfield code="t">Canto a Jacques ya los otros /</subfield>
    <subfield code="r">Juan Jos&#xE9; Ayuso --</subfield>
    <subfield code="t">Jornada de abril /</subfield>
    <subfield code="r">Rafael Astacio Hern&#xE1;ndez --</subfield>
    <subfield code="t">Ni un paso atr&#xE1;s /</subfield>
    <subfield code="r">Pedro Mir --</subfield>
    <subfield code="t">Responso para Jacques Viau /</subfield>
    <subfield code="r">Miguel Alfonseca --</subfield>
    <subfield code="t">Hemos llegado a un punto /</subfield>
    <subfield code="r">M&#xE1;ximo Avil&#xE9;s Blonda --</subfield>
    <subfield code="t">Tercera oda a Walt Whitman /</subfield>
    <subfield code="r">Ram&#xF3;n Francisco --</subfield>
    <subfield code="t">Diario de la guerra ( del 15 de abril al 15 de junio de 1965) /</subfield>
    <subfield code="r">H&#xE9;ctor Inch&#xE1;ustegui Cabral --</subfield>
    <subfield code="t">La guerra y los cantos 1965 /</subfield>
    <subfield code="r">Miguel Alfonseca --</subfield>
    <subfield code="t">La isla ofendida 1965 /</subfield>
    <subfield code="r">Manuel del Cabral --</subfield>
    <subfield code="t">El viento fr&#xED;o 1967 /</subfield>
    <subfield code="r">Ren&#xE9; del Risco y Berm&#xFA;dez --</subfield>
    <subfield code="t">Despedida a un hermano /</subfield>
    <subfield code="r">Mateo Morrison --</subfield>
    <subfield code="t">La luz no muere /</subfield>
    <subfield code="r">Tony Raful --</subfield>
    <subfield code="g">Biograf&#xED;as de los poetas antologados --</subfield>
    <subfield code="g">Biograf&#xED;a de Mateo Morrison --</subfield>
    <subfield code="g">Publicaciones de la Comisi&#xF3;n Permanente de Efem&#xE9;rides Patrias 2004-2011</subfield>
  </datafield>
  <datafield tag="590" ind1=" " ind2=" ">
    <subfield code="a">Inventariado, 2018/ BT</subfield>
  </datafield>
  <datafield tag="650" ind1=" " ind2="4">
    <subfield code="a">Poes&#xED;a hist&#xF3;rica dominicana</subfield>
    <subfield code="9">23574</subfield>
  </datafield>
  <datafield tag="650" ind1=" " ind2="0">
    <subfield code="a">Literatura hist&#xF3;rica dominicana</subfield>
    <subfield code="9">24340</subfield>
  </datafield>
  <datafield tag="651" ind1=" " ind2="0">
    <subfield code="a">Rep&#xFA;blica Dominicana</subfield>
    <subfield code="x">Historia</subfield>
    <subfield code="x">Ocupaci&#xF3;n norteamericana</subfield>
    <subfield code="y">1965-1966</subfield>
    <subfield code="9">24341</subfield>
  </datafield>
  <datafield tag="700" ind1="1" ind2="2">
    <subfield code="a">Morrison, Mateo,</subfield>
    <subfield code="d">1947-</subfield>
    <subfield code="e">pr&#xF3;l.</subfield>
    <subfield code="9">1469</subfield>
  </datafield>
  <datafield tag="830" ind1=" " ind2="0">
    <subfield code="a">Publicaciones de la Comisi&#xF3;n Permanente de Efem&#xE9;rides Patrias 2004-2011</subfield>
    <subfield code="n">36</subfield>
    <subfield code="9">59793</subfield>
  </datafield>
  <datafield tag="910" ind1=" " ind2=" ">
    <subfield code="a">Validado. Control de calidad. MMOLINA</subfield>
  </datafield>
  <datafield tag="942" ind1=" " ind2=" ">
    <subfield code="2">ddc</subfield>
    <subfield code="c">LBS1</subfield>
  </datafield>
  <datafield tag="952" ind1=" " ind2=" ">
    <subfield code="0">0</subfield>
    <subfield code="1">0</subfield>
    <subfield code="5">4</subfield>
    <subfield code="7">0</subfield>
    <subfield code="8">DS</subfield>
    <subfield code="a">GR</subfield>
    <subfield code="b">GR</subfield>
    <subfield code="c">HD</subfield>
    <subfield code="d">2011-10-04</subfield>
    <subfield code="i">LF1</subfield>
    <subfield code="l">0</subfield>
    <subfield code="o">RD861.44 A163s, 2011</subfield>
    <subfield code="p">34374-30</subfield>
    <subfield code="r">2020-06-25</subfield>
    <subfield code="t">e. 3</subfield>
    <subfield code="w">2020-06-25</subfield>
    <subfield code="y">LFDS</subfield>
    <subfield code="Z">Pr&#xE9;stamo en sala</subfield>
  </datafield>
  <datafield tag="952" ind1=" " ind2=" ">
    <subfield code="0">0</subfield>
    <subfield code="1">0</subfield>
    <subfield code="5">4</subfield>
    <subfield code="7">0</subfield>
    <subfield code="8">DS</subfield>
    <subfield code="a">GR</subfield>
    <subfield code="b">GR</subfield>
    <subfield code="c">HD</subfield>
    <subfield code="d">2013-06-11</subfield>
    <subfield code="i">LF1</subfield>
    <subfield code="l">0</subfield>
    <subfield code="o">RD861.44 A163s, 2011</subfield>
    <subfield code="p">34374-40</subfield>
    <subfield code="r">2020-06-25</subfield>
    <subfield code="t">e. 4</subfield>
    <subfield code="w">2020-06-25</subfield>
    <subfield code="y">LFDS</subfield>
    <subfield code="Z">Pr&#xE9;stamo en sala</subfield>
  </datafield>
  <datafield tag="952" ind1=" " ind2=" ">
    <subfield code="0">0</subfield>
    <subfield code="1">0</subfield>
    <subfield code="5">4</subfield>
    <subfield code="7">0</subfield>
    <subfield code="8">DS</subfield>
    <subfield code="a">GR</subfield>
    <subfield code="b">GR</subfield>
    <subfield code="c">HD</subfield>
    <subfield code="d">2018-07-12</subfield>
    <subfield code="i">LF1</subfield>
    <subfield code="l">0</subfield>
    <subfield code="o">RD861.44 A163s, 2011</subfield>
    <subfield code="p">34374-50</subfield>
    <subfield code="r">2020-06-25</subfield>
    <subfield code="t">e. 5</subfield>
    <subfield code="w">2020-06-25</subfield>
    <subfield code="y">LFDS</subfield>
    <subfield code="Z">Pr&#xE9;stamo en sala</subfield>
  </datafield>
  <datafield tag="952" ind1=" " ind2=" ">
    <subfield code="0">0</subfield>
    <subfield code="1">0</subfield>
    <subfield code="7">1</subfield>
    <subfield code="8">PD</subfield>
    <subfield code="a">PD</subfield>
    <subfield code="b">PD</subfield>
    <subfield code="c">HD</subfield>
    <subfield code="d">2011-10-04</subfield>
    <subfield code="i">LF1</subfield>
    <subfield code="l">0</subfield>
    <subfield code="o">RD861.44 A163s, 2011</subfield>
    <subfield code="p">34374-10</subfield>
    <subfield code="r">2020-06-25</subfield>
    <subfield code="w">2020-06-25</subfield>
    <subfield code="y">LFPD</subfield>
    <subfield code="Z">No se presta</subfield>
  </datafield>
  <datafield tag="952" ind1=" " ind2=" ">
    <subfield code="0">0</subfield>
    <subfield code="1">0</subfield>
    <subfield code="7">1</subfield>
    <subfield code="8">PD</subfield>
    <subfield code="a">PD</subfield>
    <subfield code="b">PD</subfield>
    <subfield code="c">HD</subfield>
    <subfield code="d">2011-10-04</subfield>
    <subfield code="i">LF1</subfield>
    <subfield code="l">0</subfield>
    <subfield code="o">RD861.44 A163s, 2011</subfield>
    <subfield code="p">34374-20</subfield>
    <subfield code="r">2020-06-25</subfield>
    <subfield code="t">e. 2</subfield>
    <subfield code="w">2020-06-25</subfield>
    <subfield code="y">LFPD</subfield>
    <subfield code="Z">No se presta</subfield>
  </datafield>
  <datafield tag="999" ind1=" " ind2=" ">
    <subfield code="c">33865</subfield>
    <subfield code="d">33865</subfield>
  </datafield>
</record>
